Normal view
MARC view
- العاب المبارزة - الالعاب القتالية - التايكواندو
Entry Topical Term
001 - CONTROL NUMBER
- control field: 10639
003 - CONTROL NUMBER IDENTIFIER
- control field: JO-AjAnu
005 - DATE AND TIME OF LATEST TRANSACTION
- control field: 20230606072016.0
008 - FIXED-LENGTH DATA ELEMENTS
- fixed length control field: 230606|| aca||aabn | a|a d
040 ## - CATALOGING SOURCE
- Original cataloging agency: JO-AjAnu
- Transcribing agency: JO-AjAnu
150 ## - HEADING--TOPICAL TERM
- Topical term or geographic name entry element: العاب المبارزة - الالعاب القتالية - التايكواندو
670 ## - SOURCE DATA FOUND
- Source citation: Work cat.: (JO-AjAnu)5477: تاليف ابو عثمان، احمد, author 10638, شاولين كونغ فو 5000عام